| 000 | 00716nam a2200181Ia 4500 | ||
|---|---|---|---|
| 008 | 210719s2018 xx 000 0 und d | ||
| 041 | _akan | ||
| 082 | _a294.535K HARS | ||
| 100 | _aHARSHENDRA KUMAR (Di);MALLIKARJUNA HOSAPALYA | ||
| 245 | _aSuvarna sanchaya 2: Divya jeevana | ||
| 260 |
_aUjire _bGolden Jubilee Celebrartion Committee, Dharmastala _c2018 |
||
| 300 |
_a198 _bPB |
||
| 365 |
_b150 _cRs |
||
| 440 |
_aShri D Veerendra Heggadeyavara pattabisheka suvarna mahotsava pustaka malike _v2 |
||
| 650 | _aHinduism | ||
| 650 | _aHinduism | ||
| 906 | _a2:Divya ; alcohol ; dushchata ; Heggadeyavara ; jeevana ; kudita ; madypana ; mahotsava ; malike ; pattabisheka ; pustaka ; sanchaya ; Suvarna ; Veerendra | ||
| 999 |
_c216036 _d216036 |
||